[Event "26th 4NCL Congress"]
[Site "Woodland Grange, Old Milverton"]
[Date "2021.09.12"]
[Round "5.1"]
[White "Varley, Joe"]
[Black "Angheluta, Ovidiu"]
[Result "1/2-1/2"]
[WhiteElo "1892"]
[BlackElo "1953"]
[PlyCount "106"]
[EventDate "2021.09.10"]

1. e4 d5 2. exd5 Qxd5 3. Nc3 Qa5 4. d4 Nf6 5. Nf3 c6 6. Bd2 Qc7 7. Bc4 Bf5 8.
Bb3 e6 9. Qe2 Nbd7 10. O-O-O O-O-O 11. h3 h6 12. Kb1 Bd6 13. Rhe1 Bf4 14. a4 a5
15. Bxf4 Qxf4 16. Nd2 Qxd4 17. Nc4 Qc5 18. Nd6+ Kc7 19. Nxf7 Rhe8 20. Nxd8 Kxd8
21. Qe3 Kc8 22. g4 Bg6 23. Bxe6 Qb4 24. Qd2 Rd8 25. Qd6 Nd5 26. Qxb4 Nxb4 27.
Re2 Kc7 28. Red2 Nc5 29. Bf5 Bxf5 30. gxf5 Rf8 31. Rg1 Rf7 32. b3 Kb6 33. Rg4
Rxf5 34. Rxg7 Rf3 35. Rg3 Rf4 36. Kb2 Ne6 37. Rg4 Rf3 38. h4 h5 39. Rg6 Nc5 40.
Re2 Rf4 41. Rg5 Rxh4 42. f3 Rh3 43. f4 Rf3 44. f5 h4 45. Rh5 Rf4 46. Rh2 Rf3
47. R2xh4 Rf2 48. Rh2 Ncd3+ 49. Ka3 Nxc2+ 50. Ka2 Ncb4+ 51. Ka1 Nc2+ 52. Ka2
Ncb4+ 53. Ka1 Nc2+ 1/2-1/2

[Event "26th 4NCL Congress"]
[Site "Woodland Grange, Old Milverton"]
[Date "2021.09.12"]
[Round "5.2"]
[White "Idle, Oscar J"]
[Black "Waterfield, Mark Bw"]
[Result "1-0"]
[WhiteElo "1979"]
[BlackElo "1756"]
[PlyCount "97"]
[EventDate "2021.09.10"]

1. Nf3 d5 2. d4 Nf6 3. c4 e6 4. g3 Be7 5. Bg2 O-O 6. O-O c6 7. Qc2 Ne4 8. b3
Nd7 9. Ne1 f5 10. Ba3 Nd6 11. Nd3 Nf6 12. Nd2 Bd7 13. f3 Be8 14. Rad1 g5 15.
Nc5 Qc8 16. e4 fxe4 17. fxe4 Bg6 18. Qb2 b6 19. e5 bxc5 20. Bxc5 Qd7 21. exd6
Bxd6 22. Bxd6 Qxd6 23. Nf3 Ne4 24. Ne5 Nf6 25. Nxg6 hxg6 26. c5 Qd7 27. Rde1
Rae8 28. Re5 Nh7 29. Rxf8+ Kxf8 30. Bh3 Kg7 31. Qe2 Kf6 32. b4 Re7 33. a4 Nf8
34. Qf3+ Kg7 35. Rxg5 Qb7 36. Qb3 a5 37. b5 cxb5 38. axb5 Rf7 39. Re5 Qa8 40.
Bxe6 Nxe6 41. Rxe6 a4 42. Qc2 Rf6 43. Rxf6 Kxf6 44. b6 a3 45. Qa2 Qa5 46. Qf2+
Kg7 47. b7 a2 48. b8=Q a1=Q+ 49. Kg2 1-0

[Event "26th 4NCL Congress"]
[Site "Woodland Grange, Old Milverton"]
[Date "2021.09.12"]
[Round "5.3"]
[White "Brocklehurst, Andrew"]
[Black "O'gorman, Brendan"]
[Result "1-0"]
[WhiteElo "1983"]
[BlackElo "1843"]
[PlyCount "61"]
[EventDate "2021.09.10"]

1. e4 c5 2. b3 Nc6 3. Bb2 e5 4. Bb5 Nd4 5. Bxd4 cxd4 6. Nf3 a6 7. Bc4 d6 8. c3
dxc3 9. Nxc3 Bg4 10. Nxe5 dxe5 11. Qxg4 Nf6 12. Qf3 Bc5 13. Nd5 b5 14. Nxf6+
Qxf6 15. Qxf6 gxf6 16. Bd5 Rb8 17. Rc1 Bb6 18. Rc6 Ke7 19. Ke2 Rhc8 20. Rhc1
Rxc6 21. Rxc6 a5 22. g3 Bd8 23. Kf3 Rb6 24. Rc8 Rd6 25. Rb8 b4 26. Rb7+ Rd7 27.
Rxd7+ Kxd7 28. Bxf7 Be7 29. Bg8 h6 30. Kg4 Bf8 31. Kf5 1-0

[Event "26th 4NCL Congress"]
[Site "Woodland Grange, Old Milverton"]
[Date "2021.09.12"]
[Round "5.4"]
[White "Jacob, Sydney J"]
[Black "Taylor, Robert G"]
[Result "1-0"]
[WhiteElo "1923"]
[BlackElo "1960"]
[PlyCount "51"]
[EventDate "2021.09.10"]

1. c4 Nf6 2. g3 g6 3. Bg2 Bg7 4. Nc3 O-O 5. e4 d6 6. Nge2 e5 7. d3 Nbd7 8. h3
c6 9. Be3 a5 10. Qd2 Nc5 11. O-O Ne6 12. Rfd1 Qe7 13. f4 Nh5 14. f5 Nd4 15. g4
Nf4 16. Nxf4 exf4 17. Bxf4 b5 18. cxb5 cxb5 19. Nd5 Qa7 20. Be3 Be5 21. Qf2 f6
22. Kh1 b4 23. Nf4 gxf5 24. gxf5 Bb7 25. Bf1 Rfc8 26. Rdc1 {Unable to read
both scoresheets.} 1-0

[Event "26th 4NCL Congress"]
[Site "Woodland Grange, Old Milverton"]
[Date "2021.09.12"]
[Round "5.5"]
[White "Jackson, Gary C"]
[Black "Macphail, Kieran"]
[Result "1/2-1/2"]
[WhiteElo "1923"]
[BlackElo "1756"]
[PlyCount "96"]
[EventDate "2021.09.10"]

1. e4 c5 2. Nf3 Nc6 3. d4 cxd4 4. Nxd4 Nf6 5. Nc3 e5 6. Ndb5 d6 7. Bg5 a6 8.
Na3 b5 9. Nd5 Be7 10. Nxe7 Nxe7 11. Bxf6 gxf6 12. Qd2 f5 13. O-O-O fxe4 14.
Qxd6 Qxd6 15. Rxd6 Nf5 16. Rb6 Ke7 17. c4 bxc4 18. Nxc4 f6 19. g4 Nd4 20. Ne3
Be6 21. Rb7+ Kd6 22. Kb1 Kc6 23. Rg7 Rag8 24. Rxg8 Rxg8 25. Bxa6 Bxg4 26. Rc1+
Kd6 27. Nc4+ Ke7 28. Ne3 Be6 29. b4 Ra8 30. b5 Bxa2+ 31. Kb2 Be6 32. Rc7+ Kd6
33. Rxh7 Nxb5 34. Bxb5 Rb8 35. Rh6 Rxb5+ 36. Kc1 Ke7 37. Rh7+ Kf8 38. h4 Rb6
39. h5 Kg8 40. Rc7 Rd6 41. h6 f5 42. Ng2 Rd7 43. Rc5 Kh7 44. Rxe5 Kxh6 45. Ne3
f4 46. Nf5+ Bxf5 47. Rxf5 e3 48. fxe3 fxe3 1/2-1/2

[Event "26th 4NCL Congress"]
[Site "Woodland Grange, Old Milverton"]
[Date "2021.09.12"]
[Round "5.6"]
[White "Maladkar, Lavanya"]
[Black "Gillespie, David P"]
[Result "0-1"]
[WhiteElo "1885"]
[BlackElo "1997"]
[PlyCount "120"]
[EventDate "2021.09.10"]

1. d4 d5 2. c4 e6 3. Nc3 Nf6 4. Bg5 Be7 5. Nf3 O-O 6. h3 h6 7. Bh4 Ne4 8. Bxe7
Qxe7 9. e3 Nd7 10. Nxe4 dxe4 11. Nd2 f5 12. Be2 b6 13. O-O Bb7 14. Qb3 Rab8 15.
a4 a5 16. Qc3 Rf7 17. Nb3 Ba6 18. Rfe1 f4 19. Bh5 Rf6 20. exf4 Rxf4 21. g3 Qg5
22. Bg4 Rxg4 23. hxg4 Nf6 24. Nd2 Nxg4 25. Kg2 e3 26. fxe3 Rf8 27. Re2 h5 28.
e4 h4 29. Nf3 h3+ 30. Kh1 Qh5 31. Rf1 e5 32. d5 Bc8 33. Qd2 Nh6 34. Qg5 Qxg5
35. Nxg5 Rxf1+ 36. Kh2 Nf7 37. Nxh3 Bxh3 38. Kxh3 Rc1 39. b3 Rc3 40. Rb2 Nd6
41. Kg4 Nxe4 42. Kf5 Nc5 43. b4 axb4 44. Rxb4 e4 45. d6 cxd6 46. Rxb6 Rf3+ 47.
Kg4 Nxa4 48. Rxd6 Rc3 49. Rd4 Nb6 50. Rxe4 Rxc4 51. Kf5 Rxe4 52. Kxe4 Kf7 53.
Kf5 Nc8 54. g4 Ne7+ 55. Kg5 Ke6 56. Kh5 Kf6 57. Kh4 Kg6 58. g5 Nc6 59. Kg4 Ne5+
60. Kf4 Nf7 0-1

[Event "26th 4NCL Congress"]
[Site "Woodland Grange, Old Milverton"]
[Date "2021.09.12"]
[Round "5.7"]
[White "Dean, Robert A"]
[Black "Faulkner, Adam"]
[Result "0-1"]
[WhiteElo "1866"]
[BlackElo "1972"]
[PlyCount "70"]
[EventDate "2021.09.10"]

1. e4 e5 2. Nf3 Nc6 3. Bb5 Nf6 4. O-O Nxe4 5. d4 Nd6 6. Bxc6 dxc6 7. Nxe5 Be7
8. Re1 O-O 9. Nc3 Nf5 10. Nf3 Be6 11. Bf4 Bf6 12. Be5 h6 13. Qe2 Re8 14. Rad1
Qe7 15. a3 Nd6 16. Bxf6 Qxf6 17. Ne5 Rad8 18. h3 Qg5 19. Qf3 Qf5 20. Ne4 Nxe4
21. Rxe4 f6 22. g4 Qg5 23. Nd3 Bd5 24. Rxe8+ Rxe8 25. Qg3 h5 26. f4 Qg6 27. f5
Qg5 28. Nf4 hxg4 29. Qxg4 Qxg4+ 30. hxg4 Re4 31. Ng6 Rxg4+ 32. Kf1 Be4 33. Re1
Bxf5 34. Ne7+ Kf7 35. Nxf5 Rf4+ 0-1

[Event "26th 4NCL Congress"]
[Site "Woodland Grange, Old Milverton"]
[Date "2021.09.12"]
[Round "5.8"]
[White "Bridgeman, Niamh"]
[Black "Hickman, John E"]
[Result "1-0"]
[WhiteElo "1930"]
[BlackElo "1876"]
[PlyCount "107"]
[EventDate "2021.09.10"]

1. d4 d6 2. Nf3 g6 3. e3 Bg7 4. Be2 Nf6 5. O-O O-O 6. b3 Nbd7 7. Bb2 e5 8. dxe5
Ng4 9. c4 Ndxe5 10. Nxe5 Nxe5 11. Qc2 Bg4 12. Bxg4 Nxg4 13. Bxg7 Kxg7 14. Qe4
Qc8 15. Nc3 Re8 16. Qd4+ Kg8 17. Nd5 c6 18. Nc3 Qe6 19. Rad1 Red8 20. Ne4 Qe5
21. Qxe5 dxe5 22. h3 Nh6 23. Nc5 b6 24. Nd7 e4 25. Nf6+ Kf8 26. Nxe4 Nf5 27.
Rd2 Rxd2 28. Nxd2 Rd8 29. Rd1 Rd3 30. Kf1 Ke7 31. Ke2 Rc3 32. Nf3 Rc2+ 33. Rd2
Rc1 34. Ne5 c5 35. Nc6+ Ke6 36. Nxa7 Nd6 37. f3 h5 38. Nb5 Nf5 39. Kf2 h4 40.
e4 Ng3 41. Nc7+ Ke5 42. Nd5 f5 43. exf5 gxf5 44. Ne3 f4 45. Nd1 Nf5 46. Nb2 Kf6
47. Nd3 Ra1 48. Nxf4 Ng3 49. Nd5+ Ke5 50. Nxb6 Rf1+ 51. Ke3 Nf5+ 52. Kd3 Nd4
53. Nd7+ Kd6 54. Nf6 1-0

[Event "26th 4NCL Congress"]
[Site "Woodland Grange, Old Milverton"]
[Date "2021.09.12"]
[Round "5.9"]
[White "Abbott, Mark V"]
[Black "Shenbagakumar, Gautham"]
[Result "1-0"]
[WhiteElo "1915"]
[BlackElo "1866"]
[PlyCount "116"]
[EventDate "2021.09.10"]

1. c4 e5 2. g3 Nf6 3. Bg2 Bc5 4. Nc3 c6 5. e3 d5 6. cxd5 cxd5 7. d4 exd4 8.
exd4 Bb4 9. Nge2 Nc6 10. O-O h6 11. Bf4 O-O 12. Rc1 Be6 13. Na4 Qd7 14. a3 Bd6
15. b4 Rac8 16. Nc5 Bxc5 17. dxc5 Bh3 18. Bd6 Bxg2 19. Kxg2 Rfe8 20. Nf4 d4 21.
Qd3 Ne4 22. b5 Na5 23. Rb1 b6 24. Rfe1 Nxd6 25. cxd6 Rxe1 26. Rxe1 Qxd6 27. Re4
Rd8 28. Ne2 Qd5 29. Nf4 Qc5 30. Ne2 Qc4 31. Qxc4 Nxc4 32. Rxd4 Rxd4 33. Nxd4
Nxa3 34. Kf3 Kf8 35. Ke4 Ke8 36. Kd5 Kd7 37. h3 Kc7 38. f4 Nb1 39. g4 Nc3+ 40.
Ke5 Nd1 41. h4 Ne3 42. g5 hxg5 43. fxg5 g6 44. Kf6 Ng2 45. Nf3 a5 46. bxa6 b5
47. Kxf7 Nf4 48. Nd4 b4 49. Kf6 Kb6 50. a7 Kxa7 51. Nc6+ Kb6 52. Nxb4 Kc5 53.
Nd3+ Nxd3 54. Kxg6 Nf4+ 55. Kf7 Kd5 56. g6 Nh5 57. g7 Nxg7 58. Kxg7 Ke5 1-0

[Event "26th 4NCL Congress"]
[Site "Woodland Grange, Old Milverton"]
[Date "2021.09.12"]
[Round "5.10"]
[White "Arora, Tashika"]
[Black "Bussmann, John"]
[Result "1-0"]
[WhiteElo "1840"]
[BlackElo "1893"]
[PlyCount "135"]
[EventDate "2021.09.10"]

1. d4 Nf6 2. c4 d6 3. Nc3 g6 4. e4 Bg7 5. h3 O-O 6. Be3 c6 7. Nf3 a5 8. Be2 Na6
9. O-O Nc7 10. a4 Nd7 11. Qd2 e5 12. d5 cxd5 13. cxd5 Na6 14. Nb5 Ndc5 15. Bxc5
Nxc5 16. Qc2 f5 17. Nd2 Bh6 18. Nb3 b6 19. f3 Qg5 20. Kh2 Qe7 21. Nxc5 bxc5 22.
Qc3 Bf4+ 23. g3 Bh6 24. Rae1 f4 25. g4 Bg7 26. Bc4 Bf6 27. Qd2 Rf7 28. Qg2 Bh4
29. Rc1 Bg3+ 30. Kg1 h6 31. Nc3 Rb8 32. b3 Rg7 33. Ne2 Bh4 34. Kh2 Kh7 35. Rg1
Bd7 36. Rb1 Rbg8 37. Rbc1 Qf6 38. Rcf1 Rh8 39. Rh1 Kg8 40. Kg1 h5 41. Bd3 Rgh7
42. Nc3 Rg7 43. Ne2 Qd8 44. Bc4 Qb6 45. Nc3 hxg4 46. fxg4 Rgh7 47. Qf3 Bg3 48.
Kg2 Qd8 49. Rd1 Bh4 50. Ne2 Be7 51. Nc3 Rh4 52. Be2 Qf8 53. Qd3 Qh6 54. Nb1 Qg5
55. Qg3 Qf6 56. Qd3 Qf8 57. Qg3 Qc8 58. Qd3 Bd8 59. Nc3 Bxg4 60. Bxg4 Rxg4+ 61.
hxg4 Qxg4+ 62. Kf2 Bh4+ 63. Kf1 f3 64. Rd2 Rh5 65. Rdh2 Qg3 66. Qd2 Bg5 67. Qf2
Rxh2 68. Qxh2 1-0

[Event "26th 4NCL Congress"]
[Site "Woodland Grange, Old Milverton"]
[Date "2021.09.12"]
[Round "5.11"]
[White "Hankey, Chris P"]
[Black "Phillips, Owen S"]
[Result "1-0"]
[WhiteElo "1780"]
[BlackElo "1998"]
[PlyCount "73"]
[EventDate "2021.09.10"]

1. d4 e6 2. c4 b6 3. Nc3 Bb7 4. e4 d6 5. g3 Nd7 6. Bg2 g6 7. Nge2 Bg7 8. O-O
Ne7 9. Be3 e5 10. f4 a6 11. f5 f6 12. Qd2 g5 13. g4 Nc6 14. Ng3 exd4 15. Bxd4
Nxd4 16. Qxd4 Ne5 17. Nh5 O-O 18. h3 c5 19. Qd1 Nxc4 20. Qb3 b5 21. a4 Rf7 22.
Rf2 Na5 23. Qe6 b4 24. Nd5 Bc8 25. Ndxf6+ Bxf6 26. Nxf6+ Qxf6 27. Qxf6 Rxf6 28.
e5 dxe5 29. Bxa8 Bb7 30. Bxb7 Nxb7 31. Re2 Rc6 32. Rxe5 c4 33. Rc1 Nd6 34. Re6
c3 35. bxc3 bxc3 36. Kf2 Kf7 37. Ke2 1-0

[Event "26th 4NCL Congress"]
[Site "Woodland Grange, Old Milverton"]
[Date "2021.09.12"]
[Round "5.12"]
[White "Spanton, Tim R"]
[Black "Winter, Kevin"]
[Result "1-0"]
[WhiteElo "1965"]
[BlackElo "1786"]
[PlyCount "97"]
[EventDate "2021.09.10"]

1. d4 d6 2. Nf3 Nf6 3. c4 g6 4. Nc3 Bg7 5. Bg5 O-O 6. Qd2 c5 7. d5 b5 8. Bxf6
exf6 9. Nxb5 Qb6 10. e3 Nd7 11. Be2 f5 12. O-O Nf6 13. a4 Ne4 14. Qc2 Qd8 15.
Bd3 Ng5 16. Nxg5 Qxg5 17. Nxd6 Bd7 18. Rab1 a6 19. Nb7 Rfc8 20. Rfd1 Rab8 21.
Nxc5 Rxc5 22. b4 Rcc8 23. c5 f4 24. exf4 Qxf4 25. c6 Bg4 26. Re1 Rxb4 27. Rxb4
Qxb4 28. Re4 Qd6 29. Bxa6 Qf6 30. Rxg4 Qa1+ 31. Bf1 Be5 32. g3 Bd6 33. Kg2 Rb8
34. c7 Rc8 35. Rc4 Qe5 36. Bd3 Qxd5+ 37. Be4 Qe5 38. f4 Qe7 39. Bc6 Rxc7 40.
Qc3 Qe2+ 41. Kg1 Qd1+ 42. Kf2 Re7 43. Be4 f6 44. Rd4 Bc5 45. Qxc5 Qa1 46. Rd8+
Kg7 47. Qxe7+ Kh6 48. Qf8+ Kh5 49. Bf3# 1-0

[Event "26th 4NCL Congress"]
[Site "Woodland Grange, Old Milverton"]
[Date "2021.09.12"]
[Round "5.13"]
[White "Dasgupta, Avyukt"]
[Black "Iskauskas, Alexander"]
[Result "0-1"]
[WhiteElo "1779"]
[BlackElo "1893"]
[PlyCount "92"]
[EventDate "2021.09.10"]

1. d4 Nf6 2. Bf4 g6 3. e3 Bg7 4. Nd2 O-O 5. Ngf3 d6 6. h3 Nbd7 7. Be2 Re8 8.
O-O b6 9. c3 Bb7 10. b4 Nd5 11. Bc4 N7f6 12. Bh2 b5 13. Bd3 a6 14. Qc2 Nd7 15.
a3 c5 16. Rac1 Rc8 17. Qb2 N7b6 18. Nb1 e5 19. e4 Ne7 20. d5 c4 21. Bc2 f5 22.
Rcd1 Bh6 23. exf5 gxf5 24. Nxe5 dxe5 25. d6 Ned5 26. Bxf5 Rc6 27. Qc2 Rxd6 28.
Bxe5 Qg5 29. g4 Qh4 30. Qe4 Bf4 31. Bxh7+ Qxh7 32. Qxh7+ Kxh7 33. Bxf4 Rf6 34.
Bg3 Rfe6 35. Rd2 Re2 36. Rc1 Re1+ 37. Rxe1 Rxe1+ 38. Kh2 Rxb1 39. Be5 Na4 40.
Kg3 Rb2 41. Rxb2 Nxb2 42. f4 Nd3 43. h4 Nxe5 44. fxe5 Kg6 45. Kf2 Nxc3 46. Ke3
Nd5+ 0-1

[Event "26th 4NCL Congress"]
[Site "Woodland Grange, Old Milverton"]
[Date "2021.09.12"]
[Round "5.14"]
[White "Knight, Colin B"]
[Black "Graff, Ben"]
[Result "1/2-1/2"]
[WhiteElo "1745"]
[BlackElo "1844"]
[PlyCount "75"]
[EventDate "2021.09.10"]

1. d4 d5 2. c4 c6 3. Nc3 Nf6 4. Nf3 e6 5. e3 Be7 6. Bd3 O-O 7. O-O Nbd7 8. Re1
b6 9. e4 dxe4 10. Nxe4 Nxe4 11. Bxe4 Bb7 12. a3 Nf6 13. Bc2 c5 14. Bg5 Bxf3 15.
Qxf3 Qxd4 16. Rac1 Rfe8 17. b3 Qg4 18. Qe3 g6 19. h3 Qd4 20. Qf3 Rad8 21. Rb1
Nd7 22. Red1 Qg7 23. Bxe7 Rxe7 24. b4 Qf8 25. Qd3 Ree8 26. Qe3 cxb4 27. axb4
Qe7 28. Ba4 Rf8 29. Bxd7 Rxd7 30. Rxd7 Qxd7 31. c5 bxc5 32. bxc5 Rc8 33. Ra1
Qc7 34. c6 Qxc6 35. Qxa7 Qc5 36. Qa6 Rc6 37. Qe2 Rc8 38. Qa6 1/2-1/2

[Event "26th 4NCL Congress"]
[Site "Woodland Grange, Old Milverton"]
[Date "2021.09.12"]
[Round "5.16"]
[White "Lee, James"]
[Black "Sarfas, Robin"]
[Result "1/2-1/2"]
[WhiteElo "1773"]
[BlackElo "1983"]
[PlyCount "44"]
[EventDate "2021.09.10"]

1. d4 Nf6 2. c4 g6 3. Nc3 d5 4. Bg5 Bg7 5. Bxf6 Bxf6 6. cxd5 c5 7. dxc5 Nd7 8.
c6 Nc5 9. cxb7 Bxb7 10. e4 O-O 11. Qc2 Rc8 12. Nf3 Nxe4 13. Qxe4 Rxc3 14. bxc3
Bxc3+ 15. Nd2 Bxa1 16. Qb1 Bc3 17. Qxb7 Bxd2+ 18. Kxd2 Qa5+ 19. Ke2 Qxa2+ 20.
Ke3 Qa1 21. Qc7 Qe1+ 22. Kf3 a5 1/2-1/2

[Event "26th 4NCL Congress"]
[Site "Woodland Grange, Old Milverton"]
[Date "2021.09.12"]
[Round "5.17"]
[White "Shek, Daniel"]
[Black "Gillespie, Gary D"]
[Result "1/2-1/2"]
[WhiteElo "1755"]
[BlackElo "1920"]
[PlyCount "44"]
[EventDate "2021.09.10"]

1. d4 d5 2. Bf4 Nf6 3. e3 c5 4. c3 Nc6 5. Bd3 e6 6. Nf3 Bd6 7. Bg3 O-O 8. Nbd2
b6 9. O-O Bd7 10. Re1 Rc8 11. e4 Be7 12. e5 Nh5 13. a3 Nxg3 14. hxg3 Re8 15.
Rc1 c4 16. Bc2 b5 17. Ra1 a5 18. Nh2 g6 19. f4 Qb6 20. Nhf3 Ra8 21. Qe2 Reb8
22. Reb1 h5 1/2-1/2

[Event "26th 4NCL Congress"]
[Site "Woodland Grange, Old Milverton"]
[Date "2021.09.12"]
[Round "5.19"]
[White "Sloan, Cecil"]
[Black "Di-Vetta, Andrew"]
[Result "1/2-1/2"]
[WhiteElo "1734"]
[BlackElo "1799"]
[PlyCount "119"]
[EventDate "2021.09.10"]

1. e4 c5 2. Nf3 d6 3. Bb5+ Nd7 4. d4 a6 5. Bxd7+ Qxd7 6. O-O cxd4 7. Qxd4 e5 8.
Qd3 h6 9. Nc3 Nf6 10. Be3 b5 11. Rad1 Bb7 12. Nd5 Nxd5 13. exd5 Be7 14. Nd2 f5
15. f3 O-O 16. c4 Rac8 17. b3 Kh8 18. Qc3 Rf6 19. Qa5 Kh7 20. Rc1 Rff8 21. Rc2
Bd8 22. Bb6 Bxb6+ 23. Qxb6 Rc7 24. Rfc1 Rfc8 25. Qa5 Bxd5 26. Qxa6 bxc4 27.
Nxc4 Bb7 28. Qa5 Qe6 29. Qd2 d5 30. Nb2 Qb6+ 31. Kh1 Rxc2 32. Rxc2 Rxc2 33.
Qxc2 e4 34. fxe4 fxe4 35. Qe2 Qd4 36. Nd1 Ba6 37. Qg4 Qf6 38. Ne3 Bc8 39. Qe2
Qa1+ 40. Qd1 Qxa2 41. Qxd5 Qb1+ 42. Qd1 Qb2 43. Qc2 Qd4 44. Qc1 Ba6 45. Kg1 Qd3
46. Kf2 Qxb3 47. Qc2 Qe6 48. Qc5 Bc8 49. Qd5 Qf6+ 50. Kg3 Qg5+ 51. Kf2 h5 52.
h4 Qf6+ 53. Kg3 Qg6+ 54. Kf2 Be6 55. Qe5 Qf6+ 56. Qxf6 gxf6 57. Kg3 Kg6 58. Kf4
f5 59. Nf1 Kf6 60. Ng3 1/2-1/2

[Event "26th 4NCL Congress"]
[Site "Woodland Grange, Old Milverton"]
[Date "2021.09.12"]
[Round "5.22"]
[White "Chetverikov, Ivan"]
[Black "Sengenberger, Sara"]
[Result "1-0"]
[WhiteElo "1720"]
[BlackElo "1638"]
[PlyCount "33"]
[EventDate "2021.09.10"]

1. e4 c5 2. c3 g6 3. d4 cxd4 4. cxd4 Bg7 5. Nf3 Nc6 6. Nc3 a6 7. Bc4 b5 8. Bb3
e6 9. Bf4 d6 10. O-O Nge7 11. Rc1 O-O 12. Qd2 e5 13. dxe5 dxe5 14. Bg5 Nd4 15.
Nxd4 exd4 16. Nd5 Re8 17. Rc7 1-0

[Event "26th 4NCL Congress"]
[Site "Woodland Grange, Old Milverton"]
[Date "2021.09.12"]
[Round "5.23"]
[White "Thooran, Kavin"]
[Black "Homer, Neil S"]
[Result "0-1"]
[WhiteElo "1123"]
[BlackElo "1728"]
[PlyCount "116"]
[EventDate "2021.09.10"]

1. e4 c6 2. d4 d5 3. exd5 cxd5 4. Nf3 Nc6 5. Bb5 Bd7 6. Bf4 Nf6 7. Nc3 e6 8.
O-O Rc8 9. Bd3 Be7 10. Nb5 O-O 11. Nd6 Bxd6 12. Bxd6 Re8 13. Bg3 Nb4 14. Ne5
Nxd3 15. Qxd3 a6 16. Nxd7 Qxd7 17. Be5 Ng4 18. Bf4 Nf6 19. c3 Ne4 20. f3 Nd6
21. Bxd6 Qxd6 22. Qe2 h6 23. f4 Rc7 24. Qe5 Qxe5 25. fxe5 Rec8 26. Rf2 b5 27.
Rc2 b4 28. Rac1 a5 29. Kf2 Kf8 30. Ke2 a4 31. Kd3 b3 32. axb3 axb3 33. Rf2 Ra8
34. c4 Rac8 35. c5 Ra8 36. Kc3 Ra4 37. Rd2 Rc4+ 38. Kxb3 Rxc1 39. Ka4 Rb7 40.
b4 Ra1+ 41. Kb3 Rb1+ 42. Kc3 R1xb4 43. Kd3 Rb3+ 44. Ke2 Rb2 45. Rxb2 Rxb2+ 46.
Kd3 Rxg2 47. Kc3 Ke8 48. c6 Kd8 49. Kb4 Kc7 50. h4 Kxc6 51. h5 Rh2 52. Ka5 Rxh5
53. Ka4 Rh4 54. Kb3 Rxd4 55. Kc3 Kc5 56. Kb3 Rd3+ 57. Ka4 Re3 58. Ka5 Ra3# 0-1

[Event "26th 4NCL Congress"]
[Site "Woodland Grange, Leamington Spa"]
[Date "2021.09.10"]
[Round "1"]
[Board "1"]
[White "Williams, Stephen"]
[Black "Nasibova, Margarita"]
[Result "1-0"]
[WhiteElo "1698"]
[BlackElo "1420"]
[PlyCount "0"]
[EventDate "2021.09.10"]
[EventRounds "5"]
[EventCountry "ENG"]

1.d4 Nf6 2.c4 g6 3.Nc3 Bg7 4.e4 d6 5.Nf3 O-O 6.h3 Nbd7 7.Bg5 h6 8.Be3 e5 9.d5
Nh7 10.g4 Qe7 11.Be2 Nb6 12.Qd2 g5 13.Qc2 Qf6 14.Rg1 Nxc4 15.Bxc4 Qxf3 16.Rg3
Qf6 17.O-O-O Bd7 18.Rdg1 Rfb8 19.h4 b5 20.hxg5 Nxg5 21.Be2 a5 22.Rh1 c5 23.Kb1
a4 24.Ka1 b4 25.Nd1 b3 26.Qb1 bxa2 27.Kxa2 a3 28.b3 Bb5 29.Nc3 Bxe2 30.Nxe2 c4
31.b4 Ra4 32.b5 Ra5 33.Nc3 Nf3 34.g5 Nxg5 35.Rhg1 Kh8 36.Bxg5 Qxf2+ 37.Ka1 a2
38.Qc1 Qd4 39.Bxh6 Bf6 40.Be3 Qd3 41.Rh1+ Bh4 42.Rxh4#  1-0

[Event "26th 4NCL Congress"]
[Site "Woodland Grange, Leamington Spa"]
[Date "2021.09.10"]
[Round "1"]
[Board "2"]
[White "Norris, David J"]
[Black "Belinger, John"]
[Result "1-0"]
[WhiteElo "1420"]
[BlackElo "1685"]
[PlyCount "0"]
[EventDate "2021.09.10"]
[EventRounds "5"]
[EventCountry "ENG"]

1.e4 c5 2.Nf3 Nc6 3.c3 Nf6 4.e5 Nd5 5.Bc4 Nb6 6.Qb3 Nxc4 7.Qxc4 e6 8.d4 cxd4
9.O-O a6 10.Re1 b5 11.Qd3 dxc3 12.Nxc3 d5 13.exd6 Qxd6 14.Rd1 Qxd3 15.Rxd3 Be7
16.a3 O-O 17.h4 Ra7 18.Be3 Rd8 19.Rxd8+ Bxd8 20.Bxa7 Nxa7 21.Rd1 Be7 22.Ne4 g6
23.Nd6 Kg7 24.Nxc8 Nxc8 25.Rc1 Nb6 26.Rc6 Nc4 27.Rxa6 Nxb2 28.Ra7 Bf6 29.Ng5
Bxg5 30.hxg5 Nc4 31.Kf1 Kf8 32.Ke2 Ne5 33.Rb7 Nc4 34.Rxb5 Nxa3 35.Rb8+ Ke7
36.Kd3 Kd6 37.Rb3  1-0

[Event "26th 4NCL Congress"]
[Site "Woodland Grange, Leamington Spa"]
[Date "2021.09.10"]
[Round "1"]
[Board "3"]
[White "Cole, David M"]
[Black "Goldsmith, Jennifer"]
[Result "1-0"]
[WhiteElo "1668"]
[BlackElo "1413"]
[PlyCount "0"]
[EventDate "2021.09.10"]
[EventRounds "5"]
[EventCountry "ENG"]

1.d4 Nf6 2.c4 g6 3.Nc3 Bg7 4.e4 e6 5.Bg5 h6 6.Be3 d6 7.Be2 O-O 8.g4 Nfd7 9.h4
c5 10.f4 cxd4 11.Bxd4 e5 12.fxe5 Nxe5 13.Qd2 Nxg4 14.Bxg7 Kxg7 15.O-O-O Nf2
16.Qd4+ Qf6 17.Qxf6+ Kxf6 18.Rf1 Kg7 19.Rxf2 Nc6 20.Nf3 Be6 21.Rd1 Rfd8 22.Nd4
Nxd4 23.Rxd4 a6 24.Bd1 Rac8 25.Nd5 b5 26.Rc2 bxc4 27.Rcxc4  1-0

[Event "26th 4NCL Congress"]
[Site "Woodland Grange, Leamington Spa"]
[Date "2021.09.10"]
[Round "1"]
[Board "4"]
[White "Twigg, Robert"]
[Black "Dias, Ruwan"]
[Result "1-0"]
[WhiteElo "1383"]
[BlackElo "1660"]
[PlyCount "0"]
[EventDate "2021.09.10"]
[EventRounds "5"]
[EventCountry "ENG"]

1.d4 d5 2.Bf4 Nf6 3.c3 Bf5 4.Nd2 e6 5.Ngf3 Bd6 6.e3 Bxf4 7.exf4 O-O 8.h3 Nbd7
9.Ne5 Ne4 10.Nef3 c5 11.g4 Bg6 12.Bb5 Nb6 13.Nxe4 Bxe4 14.Bd3 Bxd3 15.Qxd3 c4
16.Qc2 f6 17.O-O-O Qd6 18.Qd2 a5 19.Rhg1 h6 20.h4 Rae8 21.g5 fxg5 22.Ne5 gxf4
23.Rg4 Rf6 24.Rdg1 Re7 25.Rg6 Rxg6 26.Rxg6 Nd7 27.Qxf4 Kh7 28.Qg3 Nxe5 29.dxe5
Qb6 30.h5 d4 31.Rg4 dxc3 32.bxc3 Qc5 33.Kb1 Qd5 34.Kc2 Rd7 35.Rd4 Qb5 36.Qg6+
Kh8 37.Qe8+ Kh7 38.Qxd7 Qxe5 39.Rxc4 Qe2+ 40.Kb3 Qxh5 41.Qd3+ Qf5 42.Qxf5+
exf5 43.Rc7 b5 44.Rb7 h5 45.Rxb5 Kg6 46.f4 h4 47.Re5 Kh5 48.Rxf5+ Kg4 49.Rf8
h3 50.Rh8 Kg3 51.c4 h2 52.f5 Kg2 53.c5 h1=Q 54.Rxh1 Kxh1 55.c6 Kg2 56.c7 Kf3
57.c8=Q Kf4 58.Ka4 Kg5 59.Kxa5 Kf6 60.Kb6 g5 61.fxg6 Kxg6 62.Qf8 Kg5 63.a4 Kg6
64.a5 Kg5 65.a6 Kg4 66.a7 Kg5 67.Qf7 Kg4 68.a8=Q Kg3 69.Qag8+ Kh3 70.Qfh7#  1-0

[Event "26th 4NCL Congress"]
[Site "Woodland Grange, Leamington Spa"]
[Date "2021.09.10"]
[Round "1"]
[Board "5"]
[White "Glen, Hamish"]
[Black "Vdovycia, Titas"]
[Result "1/2-1/2"]
[WhiteElo "1660"]
[BlackElo "1379"]
[PlyCount "0"]
[EventDate "2021.09.10"]
[EventRounds "5"]
[EventCountry "ENG"]

1.e4 e5 2.Nf3 Nf6 3.Nxe5 d6 4.Nf3 Nxe4 5.Qe2 Qe7 6.d3 Nf6 7.Bg5 Be6 8.Nd4 Nbd7
9.Nc3 h6 10.Nxe6 fxe6 11.Bh4 g5 12.Bg3 Bg7 13.O-O-O O-O-O 14.h4 g4 15.d4 Nb6
16.Bf4 Rhe8 17.g3 h5 18.Bg2 Nfd5 19.Nxd5 Nxd5 20.Bxd5 exd5 21.Qxe7 Rxe7 22.c3
 1/2-1/2

[Event "26th 4NCL Congress"]
[Site "Woodland Grange, Leamington Spa"]
[Date "2021.09.10"]
[Round "1"]
[Board "6"]
[White "Hylands, Keith A"]
[Black "Constable, Christine F"]
[Result "1-0"]
[WhiteElo "1360"]
[BlackElo "1615"]
[PlyCount "0"]
[EventDate "2021.09.10"]
[EventRounds "5"]
[EventCountry "ENG"]

1.d4 Nf6 2.Nf3 g6 3.c4 c5 4.d5 b5 5.b3 Bg7 6.Bb2 d6 7.Nbd2 O-O 8.Rb1 Bf5 9.e4
Nxe4 10.Nxe4 Bxe4 11.Bxg7 Bxb1 12.Bxf8 Qxf8 13.Qxb1 b4 14.Be2 Nd7 15.O-O Nf6
16.Nd2 a5 17.Ne4 Qg7 18.Nxf6+ Qxf6 19.Qa1 Qf5 20.Re1 Re8 21.h3 h5 22.Bf3 Qg5
23.Qc1 Qxc1 24.Rxc1 Kg7 25.h4 Kf6 26.Re1 e5 27.dxe6 Rxe6 28.Rxe6+ fxe6 29.g4
hxg4 30.Bxg4 e5 31.f3 e4 32.f4 Kg7 33.Kf2 Kf6 34.Ke3 Kg7 35.Kxe4 Kf6 36.Kd5
Ke7 37.f5 gxf5 38.Bxf5 Kf6 39.Kxd6 Kxf5 40.Kxc5 Ke6 41.Kb5 Kd7 42.c5 Kc7 43.c6
a4 44.bxa4 b3 45.axb3 Kb8 46.h5 Ka8 47.h6 Kb8 48.h7 Ka7 49.c7  1-0